Normal view
MARC view
- القرن20-الشعر العربي-مختارات الشعر العربي
Entry Topical Term
001 - CONTROL NUMBER
- control field: 45398
003 - CONTROL NUMBER IDENTIFIER
- control field: JO-AjAnu
005 - DATE AND TIME OF LATEST TRANSACTION
- control field: 20230606081517.0
008 - FIXED-LENGTH DATA ELEMENTS
- fixed length control field: 230606|| aca||aabn | a|a d
040 ## - CATALOGING SOURCE
- Original cataloging agency: JO-AjAnu
- Transcribing agency: JO-AjAnu
150 ## - HEADING--TOPICAL TERM
- Topical term or geographic name entry element: القرن20-الشعر العربي-مختارات الشعر العربي
670 ## - SOURCE DATA FOUND
- Source citation: Work cat.: (JO-AjAnu)23243: اعداد الحكواتي، ماجد؛ عدنان جابر؛ مراجعة عبد العزيز جمعة؛ تنفيذ جبر،أحمد سعد وأخرون, author 45397, مختارات من الشعر العربي في القرن العشرين، ج5